| 000 | 00566nam a22002057a 4500 | ||
|---|---|---|---|
| 003 | OSt | ||
| 005 | 20140310181711.0 | ||
| 008 | 121207t xxu||||| |||| 00| 0 eng d | ||
| 020 | _a9715503160 | ||
| 050 |
_aPL 6058.2 _b.An635 1999 |
||
| 082 |
_a.FIL 899.2111 _bAn8 1999 |
||
| 100 | _aAntonio, Emilio Mar. | ||
| 245 |
_aAng nayon ko at iba pang tula / _cEmilio Mar Antonio |
||
| 260 |
_aQuezon City : _bAteneo de Manila University Press, _c1999. |
||
| 300 |
_a132 p. : _c23 cm. |
||
| 526 | _c880L-960L | ||
| 650 | _aPoems | ||
| 942 |
_2lcc _cBK |
||
| 999 |
_c1543 _d1543 |
||